书目信息 |
| 题名: |
视唱练耳教程
|
|
| 作者: | 吕仲起 编著 | |
| 分册: | 3 | |
| 出版信息: | 上海 上海音乐出版社 2019 |
|
| 页数: | 178页 | |
| 开本: | 31cm | |
| 丛书名: | ||
| 单 册: | ||
| 中图分类: | J613.1 | |
| 科图分类: | ||
| 主题词: | 视唱练耳--教材 | |
| 电子资源: | ||
| ISBN: | 978-7-5523-1738-1 | |
| 000 | 01215nam0 2200229 45 | |
| 001 | 012001008742 | |
| 005 | 20191029090444.04 | |
| 010 | @a978-7-5523-1738-1@dCNY50.00 | |
| 100 | @a20190508d2019 em y0chiy0110 ea | |
| 101 | 0 | @achi |
| 102 | @aCN@b310000 | |
| 105 | @ay z 000yy | |
| 106 | @ar | |
| 200 | 1 | @a视唱练耳教程@9shi chang lian er jiao cheng@f吕仲起编著@h3@AShi Chang Lian Er Jiao Cheng@PSCLEJC@FLv Zhong Qi Bian Zhu |
| 210 | @a上海@c上海音乐出版社@d2019 | |
| 215 | @a178页@d31cm | |
| 330 | @a该书一共四册。可视为一套详细的视唱练耳教案集,包括课堂讲解,谱例,作业习题等。每堂课的内容都包括音程与调式、和弦、节奏与节拍、旋律听写、视唱两部分。训练方式的书面呈现非常细化,包括构唱、模唱、视唱、旋律听写。其中旋律听写的要求更加细致,包括先记节奏后记旋律,分句听写,几小节跟记。难度到四升单旋律,二声部旋律,短小的开放四部连接(三到四小节)。每课内容非常详尽,每册后还附有试卷设计。是一套针对普通高校、师范院校、艺术职业学院音乐专业视唱练耳课程的教师用书。作者为西安音乐学院吕仲起教授,花费8年时间写作。固定调唱名法与首调唱名法均适用。 | |
| 606 | 0 | @a视唱练耳@j教材 |
| 690 | @aJ613.1@v5 | |
| 701 | 0 | @a吕仲起@9lv zhong qi@4编著 |
| 801 | 2 | @aCN@b上海新华@c20191020 |
| 905 | @b1185656-9@dJ613.1@e1060:3@f4 | |
| 视唱练耳教程/吕仲起编著.3.-上海:上海音乐出版社,2019 |
| 178页;31cm |
| ISBN 978-7-5523-1738-1:CNY50.00 |
| 该书一共四册。可视为一套详细的视唱练耳教案集,包括课堂讲解,谱例,作业习题等。每堂课的内容都包括音程与调式、和弦、节奏与节拍、旋律听写、视唱两部分。训练方式的书面呈现非常细化,包括构唱、模唱、视唱、旋律听写。其中旋律听写的要求更加细致,包括先记节奏后记旋律,分句听写,几小节跟记。难度到四升单旋律,二声部旋律,短小的开放四部连接(三到四小节)。每课内容非常详尽,每册后还附有试卷设计。是一套针对普通高校、师范院校、艺术职业学院音乐专业视唱练耳课程的教师用书。作者为西安音乐学院吕仲起教授,花费8年时间写作。固定调唱名法与首调唱名法均适用。 |
| ● |
| 相关链接 |
|
|
|
|
正题名:视唱练耳教程
索取号:J613.1/1060:3
 
预约/预借
| 序号 | 登录号 | 条形码 | 馆藏地/架位号 | 状态 | 备注 |
| 1 | 1185656 | 211856561 | 第一样本阅览室/ [索取号:J613.1/1060:3] | 在馆 | |
| 2 | 1185657 | 211856570 | 第一借阅区/ [索取号:J613.1/1060:3] | 在馆 | |
| 3 | 1185658 | 211856589 | 第一借阅区/ [索取号:J613.1/1060:3] | 在馆 | |
| 4 | 1185659 | 211856598 | 第一借阅区/ [索取号:J613.1/1060:3] | 在馆 |